<?xml version="1.0" encoding="UTF-8"?>
<record
    xmlns:xsi="http://www.w3.org/2001/XMLSchema-instance"
    xsi:schemaLocation="http://www.loc.gov/MARC21/slim http://www.loc.gov/standards/marcxml/schema/MARC21slim.xsd"
    xmlns="http://www.loc.gov/MARC21/slim">

  <leader>00410nam a2200145Ia 4500</leader>
  <controlfield tag="008">230411s9999    xx            000 0 und d</controlfield>
  <datafield tag="020" ind1=" " ind2=" ">
    <subfield code="a">0-323-00948-4</subfield>
  </datafield>
  <datafield tag="041" ind1=" " ind2=" ">
    <subfield code="a">eng</subfield>
  </datafield>
  <datafield tag="082" ind1=" " ind2=" ">
    <subfield code="a">R/610.724/YOU/TAY/B06782</subfield>
  </datafield>
  <datafield tag="100" ind1=" " ind2=" ">
    <subfield code="a">Young Anne &amp; Taylor Susan</subfield>
    <subfield code="9">179270</subfield>
  </datafield>
  <datafield tag="245" ind1=" " ind2=" ">
    <subfield code="a">Connections : Nursing research theory and practice</subfield>
  </datafield>
  <datafield tag="260" ind1=" " ind2=" ">
    <subfield code="b">Mosby</subfield>
    <subfield code="a">St Louis</subfield>
    <subfield code="c">2001</subfield>
  </datafield>
  <datafield tag="300" ind1=" " ind2=" ">
    <subfield code="a">510p</subfield>
  </datafield>
  <datafield tag="999" ind1=" " ind2=" ">
    <subfield code="c">157110</subfield>
    <subfield code="d">157110</subfield>
  </datafield>
  <datafield tag="952" ind1=" " ind2=" ">
    <subfield code="0">0</subfield>
    <subfield code="1">0</subfield>
    <subfield code="4">0</subfield>
    <subfield code="7">0</subfield>
    <subfield code="8">R</subfield>
    <subfield code="a">BTIN</subfield>
    <subfield code="b">BTIN</subfield>
    <subfield code="d">2011-09-22</subfield>
    <subfield code="e">Pritam Book Centre</subfield>
    <subfield code="g">595.00</subfield>
    <subfield code="i">7613</subfield>
    <subfield code="l">0</subfield>
    <subfield code="o">R 610.724 YOU TAY B06782</subfield>
    <subfield code="p">BTIN-BK-6782</subfield>
    <subfield code="r">2023-04-11 00:00:00</subfield>
    <subfield code="v">446.00</subfield>
    <subfield code="w">2011-09-22</subfield>
    <subfield code="y">BK</subfield>
    <subfield code="z">B06782</subfield>
  </datafield>
</record>
